| 000 | 00655nam a22002297a 4500 | ||
|---|---|---|---|
| 999 |
_c7136 _d7136 |
||
| 001 | 585 | ||
| 003 | BD-DhUAP | ||
| 005 | 20210117152426.0 | ||
| 008 | 210110s1995 ii a|||| |||| 001 0 eng d | ||
| 020 | _a0070038996 | ||
| 020 | _a8120309502 | ||
| 040 |
_aBD-DhUAP _bEng _cBD-DhUAP _dBD-DhUAP |
||
| 082 |
_223 _a658.4034 TAH |
||
| 100 | _aTaha, Hamdy A. | ||
| 245 |
_aOperations research : _ban introduction / _cHamdy A. Taha. |
||
| 250 | _a5th ed. | ||
| 260 |
_aNew Delhi : _bPrentice Hall of India, _c© 1995. |
||
| 300 |
_axix, 822 pages : _billustrations ; _c24 cm. |
||
| 500 | _aIncludes index. | ||
| 650 | _aOperations Research. | ||
| 942 |
_2ddc _cBK |
||